Persisten las controversias en torno a la reestructuración del poder judicial

Guardado en:
书目详细资料
格式: Texto
主题:
标签: 添加标签
没有标签, 成为第一个标记此记录!

MARC

LEADER 00000 a a2200000 04500
001 6006
003
040
245 |a Persisten las controversias en torno a la reestructuración del poder judicial  
650 |a PODER JUDICIAL  
650 |a SISTEMA JUDICIAL  
650 |a REFORMAS ADMINISTRATIVAS  
650 |a ADMINISTRACION DE JUSTICIA  
650 |a MEDIOS DE COMUNICACION  
650 |a PARLAMENTO  
650 |a LEGISLACION  
773 |g volumen 16, número 681; páginas 4-5  
999 |c 38326  |d 38326